| 000 | 00605nam a2200169 i 4500 | ||
|---|---|---|---|
| 001 | 117265 | ||
| 003 | ES-MaACL | ||
| 005 | 20230906190849.0 | ||
| 007 | t| | ||
| 008 | 071121s1941 sp |||| | spa d | ||
| 100 | 1 |
_aPeña Torrea, Francisco. _990282 |
|
| 245 | 1 | 3 |
_aEl Servicio de Farmacia del Ejército Nacional durante la guerra de liberación _b: su organización, funcionamiento y enseñanzas / _cFrancisco Peña Torrea. |
| 260 |
_aMadrid : _b[s.n.], _c1941 ( _fImp. Murillo) |
||
| 300 |
_a254 p. ; _c23 cm. |
||
| 650 | 4 |
_aSanidad militar- _zEspaña- _y1936-1939. _9167543 |
|
| 852 |
_aES-MaACL _jB-9244 |
||
| 999 |
_c117265 _d117265 |
||